PSG Squad 23/24 - Statistics

General Stats
  • This quiz has been taken 245 times
  • The average score is 22 of 31
Answer Stats
# Nation Former Club Answer % Correct
2 Morocco Dortmund Achraf Hakimi
98%
1 Costa Rica Real Madrid Keylor Navas
98%
7 France Monaco Kylian Mbappe
96%
10 France Barcelona Ousmane Dembele
95%
5 Brazil AS Roma Marquinhos
91%
99 Italy Milan Gianluigi Donnarumma
88%
4 Uruguay Sporting Manuel Ugarte
87%
8 Spain Napoli Fabian Ruiz
86%
9 Portugal Benfica Goncalo Ramos
85%
3 France Youth Presnel Kimpembe
85%
19 South Korea Mallorca Kang-In Lee
82%
25 Portugal Sporting Nuno Mendes
80%
23 France Frankfurt Randal Kolo Muani
80%
21 France Bayern Lucas Hernandez
79%
11 Spain Real Madrid Marco Asensio
77%
6 Italy Pescara Marco Verratti
77%
17 Portugal FC Porto Vitinha
77%
29 France Lyon Bradley Barcola
75%
37 Slovakia Inter Milan Skriniar
72%
33 France Youth Warren Zaire-Emery
71%
28 Spain Valencia Carlos Soler
66%
15 Portugal FC Porto Danilo Pereira
63%
26 France RB Leipzig Nordi Mukiele
61%
44 France Stade Reims Hugo Ekitike
53%
80 Spain Barcelona Arnau Tenas
50%
34 Germany Wolfsburg Julian Draxler
43%
16 Spain Sevilla Sergio Rico
43%
27 Italy Benfica Cher Ndour
36%
30 France Orleans Alexandre Letellier
32%
32 France Monaco Layvin Kurzawa
31%
38 France Youth Edouard Michut
7%
No matching quizzes found
Score Distribution
Percent of People with Each Score
Percentile by Number Answered
Your Score History
You have not taken this quiz